| 000 | 00870nam a22002531 4500 | ||
|---|---|---|---|
| 001 | 20722 | ||
| 003 | BD-RjUL | ||
| 005 | 20211209000612.0 | ||
| 008 | 140302s19671955ilu 001 0 eng | ||
| 035 | _a(BD-RjUL)20784 | ||
| 040 |
_aDLC _cDLC _dDLC _dBD-RjUL _beng |
||
| 041 | _aeng | ||
| 082 | 0 | 0 |
_a301.01 _bLAN 1955 |
| 245 | 1 | 4 |
_aThe language of social research : _ba reader in the methodology of social research / _cedited by Paul F. Lazarsfeld and Morris Rosenberg. |
| 260 |
_aGlencoe, Ill. : _bFree Press, _cc1955. |
||
| 300 |
_axii, 590 p. ; _c25 cm. |
||
| 500 | _aPublished in 1972 under title: Continuities in the language of social research. | ||
| 650 | 0 |
_aSocial sciences _xMethodology. _963985 |
|
| 700 | 1 |
_aLazarsfeld, Paul Felix, _963986 |
|
| 700 | 1 |
_aRosenberg, Morris, _ejoint ed. _963987 |
|
| 942 |
_2ddc _cBK |
||
| 999 |
_c20722 _d20722 |
||